| 000 | 00457nab a2200145Ia 4500 | ||
|---|---|---|---|
| 003 | ES-SlBCS | ||
| 005 | 20210601125304.0 | ||
| 008 | 140529s1999 xxu||||| |||| 00| 0 eng d | ||
| 041 | _aeng | ||
| 100 | 1 |
_aCuneo, Terence D. _9156345 |
|
| 245 | 0 | 3 |
_aAn Externalist Solution to the Moral Problem _c Terence D. Cuneo |
| 650 | 0 | 4 |
_aProblema Moral _9156346 |
| 773 | 0 |
_tPhilosophy and Phenomenological Research _gvol. 59, 1999, págs. 359-380 _wRev1411 |
|
| 942 | _cAR | ||
| 999 |
_c527877 _d527877 |
||